Inside mapInfo professional : The friendly user guide to MapInfo professional

Fully updated to the software's latest features and functions, Inside MapInfo Professional, 3E continues to set the standard for desktop mapping tutorials. Early in the book, the authors cover the essential MapInfo Professional functions through development of a single application from start to...

Disgrifiad llawn

Wedi'i Gadw mewn:
Manylion Llyfryddiaeth
Prif Awdur: Daniel, Larry
Fformat: Llyfr
Iaith:Undetermined
Cyhoeddwyd: Albany, N.Y OnWord Press 2002
Pynciau:
Tagiau: Ychwanegu Tag
Dim Tagiau, Byddwch y cyntaf i dagio'r cofnod hwn!
Thư viện lưu trữ: Trung tâm Học liệu Trường Đại học Cần Thơ
LEADER 01573nam a2200217Ia 4500
001 CTU_141842
008 210402s9999 xx 000 0 und d
082 |a 910.285 
082 |b D184 
100 |a Daniel, Larry 
245 0 |a Inside mapInfo professional : 
245 4 |b The friendly user guide to MapInfo professional 
245 0 |c Larry Daniel, Paula Loree, Angela Whitener 
260 |a Albany, N.Y 
260 |b OnWord Press 
260 |c 2002 
520 |a Fully updated to the software's latest features and functions, Inside MapInfo Professional, 3E continues to set the standard for desktop mapping tutorials. Early in the book, the authors cover the essential MapInfo Professional functions through development of a single application from start to finish. Following this orientation, subsequent chapters enable readers to hone in on specific MapInfo Professional components and procedures. Step-by-step examples, case studies, notes, and tips are also located strategically throughout Inside MapInfo Professional, 3E to assist readers in their quest to make optimal use of one of today's most popular desktop mapping applications. As such, the book is not a rehash of the documentation manual. Rather, it contains the knowledge gained from time spent on the front lines of public and private sector organizations assisting individual departments, corporations, and government agencies 
650 |a Geographic information systems,MapInfo 
650 |x Data processing 
904 |i Bạch Trúc 
980 |a Trung tâm Học liệu Trường Đại học Cần Thơ